000
00325nam a22001337a 4500
008
170830b xxu||||| |||| 00| 0 eng d
020
_a
9780312256296
041
_a
eng
080
_2
7 ED
_a
070
100
_a
39
101
_a
MED
245
_a
WRITING THAT WORKS EFFFECTIVE ON THE JOB
_c
OLIU.W.E
942
_2
udc
_c
BK
999
_c
25540
_d
25540